Ortschaften des Kantons Appenzell-Innerrhoden - Statistiken

Allgemein
  • Dieses Quiz wurde 70 mal gespielt
  • Das Durchschnittsergebnis liegt bei 9 aus 17
Antworten auf der Karte
Die Antworten werden auf der Karte rot bzw. grün angezeigt, abhängig davon wie oft sie richtig erraten wurden.
 
Antwortstatistiken
Einwohner Ortschaft % Korrekt
8'181 Appenzell
100%
904 Gonten
77%
144 Schwende
77%
1'674 Oberegg
74%
689 Haslen
71%
227 Appenzell Schlatt
61%
482 Brülisau
58%
53 Wasserauen
58%
303 Gontenbad
55%
165 Jakobsbad
55%
904 Weissbad
55%
501 Appenzell Eggerstanden
45%
885 Appenzell Meistersrüte
32%
998 Appenzell Steinegg
19%
107 Appenzell Enggenhütten
13%
145 Büriswilen
13%
79 Kapf
13%
Keine übereinstimmenden Quizze gefunden
Verteilung der Resultate
Anzahl Personen mit jedem Resultat
Perzentil nach korrekt beantworteten Fragen
Ihre Resultats-Entwicklung
Sie haben dieses Quiz noch nicht gespielt